000 00382nam a22001577a 4500
003 MPLRDC
005 20220104114002.0
008 210129b ||||| |||| 00| 0 eng d
082 _a855 BJ
100 _a白先勇等著
245 _a我的文学因缘
_c
260 _a
_b当代文艺出版社
_c1987
300 _b
650 _a散文;随笔、日记
942 _cBK
_o855 BJ
999 _c3913
_d3903